[Event "14MCR_F"]
[Site "?"]
[Date "1999.??.??"]
[Round "?"]
[White "Vavrla, Zdenek"]
[Black "Urbanek, Stepan"]
[Result "1-0"]
[WhiteElo "2440"]
[BlackElo "2385"]
[PlyCount "89"]
[EventDate "1999.??.??"]
[EventType "corr"]
[SourceDate "2009.11.04"]

1. e4 c5 2. Nf3 e6 3. d4 cxd4 4. Nxd4 Nf6 5. Nc3 d6 6. g4 h6 7. h4 Nc6 8. Rg1
d5 9. exd5 Nxd5 10. Nxd5 exd5 11. Bb5 Qe7+ 12. Be3 Bd7 13. Qe2 a6 14. Bxc6 bxc6
15. O-O-O g6 16. Rge1 Bg7 17. Qd2 O-O 18. Bg5 Qc5 19. Bxh6 Bxg4 20. Bxg7 Kxg7
21. f3 Bh5 22. Qg5 Rfe8 23. Rg1 Kh7 24. Qf6 Kg8 25. Rg5 Qe7 26. Qxe7 Rxe7 27.
Nxc6 Re3 28. Nd4 Bxf3 29. Nxf3 Rxf3 30. h5 Kg7 31. hxg6 fxg6 32. Rgxd5 Rf2 33.
Rd7+ Kf6 34. R7d6+ Kf5 35. R1d5+ Ke4 36. Rc5 Rg8 37. Rxa6 g5 38. Ra4+ Kf3 39.
Rc3+ Ke2 40. Re4+ Kf1 41. b4 g4 42. Ree3 Kg2 43. Rg3+ Kh2 44. Kb2 Rg2 45. Rgd3
1-0

[Event "14MCR_F"]
[Site "?"]
[Date "1999.??.??"]
[Round "?"]
[White "Hala, Martin"]
[Black "Hybl, Jaroslav"]
[Result "1/2-1/2"]
[WhiteElo "2435"]
[BlackElo "2415"]
[PlyCount "72"]
[EventDate "1999.??.??"]
[EventType "corr"]
[SourceDate "2009.11.04"]

1. e4 c5 2. Nf3 d6 3. d4 cxd4 4. Nxd4 Nf6 5. Nc3 a6 6. Bg5 e6 7. f4 Qb6 8. Qd2
Qxb2 9. Rb1 Qa3 10. Be2 Nbd7 11. O-O Qc5 12. Kh1 Be7 13. f5 e5 14. Ne6 fxe6 15.
fxe6 Nb6 16. Qd3 Bxe6 17. Be3 Qc4 18. Rxb6 Rc8 19. Bd2 Qxd3 20. Bxd3 Rc7 21.
Rfb1 Bc8 22. h3 Rf8 23. g4 Rd7 24. Kg2 Bd8 25. R6b3 b5 26. a4 d5 27. exd5 Nxd5
28. Bf5 Rxf5 29. gxf5 Ne7 30. Be1 Nxf5 31. axb5 Nd4 32. R3b2 Bb7+ 33. Kf1 Nxb5
34. Nxb5 axb5 35. Bg3 Bf6 36. c4 Be4 1/2-1/2

[Event "14MCR_F"]
[Site "?"]
[Date "1999.??.??"]
[Round "?"]
[White "Urbanek, Stepan"]
[Black "Hala, Martin"]
[Result "1/2-1/2"]
[WhiteElo "2385"]
[BlackElo "2435"]
[PlyCount "47"]
[EventDate "1999.??.??"]
[EventType "corr"]
[SourceDate "2009.11.04"]

1. d4 Nf6 2. c4 g6 3. Nc3 Bg7 4. e4 d6 5. Be2 O-O 6. Bg5 c5 7. d5 h6 8. Bf4 e6
9. dxe6 Bxe6 10. Qd2 Qb6 11. Bxh6 Bxh6 12. Qxh6 Qxb2 13. Rc1 Nc6 14. h4 Nb4 15.
Nd1 Qd4 16. h5 Ng4 17. Qg5 Qxe4 18. Rc3 Rfe8 19. Qh4 gxh5 20. f3 Qd4 21. fxg4
Bxg4 22. Qg5+ Kf8 23. Qh6+ Kg8 24. Qg5+ 1/2-1/2

[Event "14MCR_F"]
[Site "?"]
[Date "1999.??.??"]
[Round "?"]
[White "Merlicek, Jiri"]
[Black "Vavrla, Zdenek"]
[Result "1/2-1/2"]
[WhiteElo "2380"]
[BlackElo "2440"]
[PlyCount "63"]
[EventDate "1999.??.??"]
[EventType "corr"]
[SourceDate "2009.11.04"]

1. d4 d5 2. c4 e6 3. Nc3 c6 4. e3 Nf6 5. Nf3 Nbd7 6. Bd3 dxc4 7. Bxc4 b5 8. Bd3
Bb7 9. O-O a6 10. e4 c5 11. d5 c4 12. dxe6 fxe6 13. Bc2 Qc7 14. Nd4 Nc5 15. Be3
O-O-O 16. Qe2 e5 17. Nf3 Ne6 18. Rad1 Bc5 19. Nd5 Nxd5 20. exd5 Nf4 21. Bxf4
exf4 22. Bf5+ Kb8 23. Be6 Rhe8 24. Qc2 h6 25. a4 b4 26. Rfe1 g5 27. Ne5 Bxd5
28. Bxd5 Rxe5 29. Rxe5 Qxe5 30. Qxc4 Qd6 31. a5 Ba7 32. Qe4 1/2-1/2

[Event "14MCR_F"]
[Site "?"]
[Date "1999.??.??"]
[Round "?"]
[White "Ramik, Jiri"]
[Black "Jurik, Zdenek"]
[Result "1/2-1/2"]
[WhiteElo "2345"]
[BlackElo "2200"]
[PlyCount "35"]
[EventDate "1999.??.??"]
[EventType "corr"]
[SourceDate "2009.11.04"]

1. d4 Nf6 2. c4 e6 3. Nf3 d5 4. g3 dxc4 5. Bg2 Nbd7 6. O-O c5 7. Na3 Nb6 8.
Nxc4 Nxc4 9. Qa4+ Bd7 10. Qxc4 b5 11. Qc2 Rc8 12. dxc5 Bxc5 13. Qb3 O-O 14. Ne5
Be8 15. Be3 Qc7 16. Bxc5 Qxc5 17. Nd3 Qb6 18. Rac1 1/2-1/2

[Event "14MCR_F"]
[Site "?"]
[Date "1999.??.??"]
[Round "?"]
[White "Ptak, Pavel"]
[Black "Omelka, Roman"]
[Result "0-1"]
[WhiteElo "2330"]
[BlackElo "2255"]
[PlyCount "68"]
[EventDate "1999.??.??"]
[EventType "corr"]
[SourceDate "2009.11.04"]

1. g3 d5 2. Bg2 e5 3. d3 c6 4. Nf3 Bd6 5. O-O Nf6 6. Nc3 O-O 7. e4 dxe4 8. dxe4
Qe7 9. Nh4 Bb4 10. Nf5 Bxf5 11. exf5 Bxc3 12. bxc3 Nbd7 13. a4 e4 14. Re1 Rad8
15. Qd4 Nc5 16. Qc4 Rd5 17. f3 Rxf5 18. fxe4 Re5 19. Ba3 Re8 20. a5 b6 21. axb6
axb6 22. Qd4 Qe6 23. Bxc5 Rxc5 24. Rab1 Rc4 25. Qxb6 Rxc3 26. e5 Nd7 27. Qd4
Rxc2 28. Rbd1 Nf8 29. Qa4 Rc5 30. Rc1 Qxe5 31. Rxe5 Rxc1+ 32. Kf2 Rxe5 33. Bxc6
g6 34. h4 h5 0-1

[Event "14MCR_F"]
[Site "?"]
[Date "1999.??.??"]
[Round "?"]
[White "Jandovsky, Viktor"]
[Black "Matousek, Jan st."]
[Result "1-0"]
[WhiteElo "2315"]
[BlackElo "2285"]
[PlyCount "99"]
[EventDate "1999.??.??"]
[EventType "corr"]
[SourceDate "2009.11.04"]

1. e4 c5 2. Nf3 d6 3. d4 cxd4 4. Nxd4 Nf6 5. Nc3 a6 6. Bg5 e6 7. f4 Be7 8. Qf3
Qc7 9. O-O-O Nbd7 10. g4 b5 11. Bxf6 Nxf6 12. g5 Nd7 13. f5 Bxg5+ 14. Kb1 Ne5
15. Qh5 Qe7 16. Nxe6 Bxe6 17. fxe6 g6 18. exf7+ Kxf7 19. Qh3 Kg7 20. Nd5 Qd8
21. Qc3 Rc8 22. Qd4 Rf8 23. Be2 Kg8 24. Rhf1 Qa5 25. c3 Rb8 26. Nb4 Rxf1 27.
Bxf1 Qb6 28. Qd5+ Kg7 29. Nc2 Rf8 30. Nd4 Rf2 31. h3 Be3 32. Ne6+ Kf6 33. Nf8
Ke7 34. Ne6 b4 35. c4 b3 36. axb3 Nf3 37. c5 Bxc5 38. Bc4 Be3 39. Ng7 Nd2+ 40.
Rxd2 Rxd2 41. Qf7+ Kd8 42. Ne6+ Kc8 43. Qg8+ Kb7 44. Bd5+ Rxd5 45. Qxh7+ Kc6
46. exd5+ Kxd5 47. Qxg6 Qxb3 48. Qf5+ Kc6 49. Qf3+ Kb6 50. Nf4 1-0

[Event "14MCR_F"]
[Site "?"]
[Date "1999.??.??"]
[Round "?"]
[White "Straka, Zdenek"]
[Black "Matousek, Jan ml."]
[Result "1/2-1/2"]
[WhiteElo "2295"]
[BlackElo "2290"]
[PlyCount "79"]
[EventDate "1999.??.??"]
[EventType "corr"]
[SourceDate "2009.11.04"]

1. d4 Nf6 2. Nf3 e6 3. Bg5 c5 4. e3 h6 5. Bh4 b6 6. Bd3 Bb7 7. O-O Be7 8. Nbd2
O-O 9. c3 d5 10. Ne5 Nbd7 11. f4 Ne4 12. Bxe7 Qxe7 13. Nxd7 Qxd7 14. Nf3 f6 15.
Nh4 Qf7 16. f5 Nd6 17. fxe6 Qxe6 18. Qf3 f5 19. Rae1 g6 20. Qg3 Rf6 21. Nf3 a5
22. Ne5 Kg7 23. Bc2 Ba6 24. Rf3 Raf8 25. b3 c4 26. Rc1 cxb3 27. axb3 Rc8 28.
Bb1 Nf7 29. Nxg6 Rxg6 30. Bxf5 Qxf5 31. Rxf5 Rxg3 32. hxg3 Rd8 33. c4 dxc4 34.
bxc4 a4 35. Ra1 Bxc4 36. Rxa4 b5 37. Ra7 Kg6 38. g4 Rd6 39. Rb7 Ra6 40. Rb8
1/2-1/2

[Event "14MCR_F"]
[Site "?"]
[Date "1999.??.??"]
[Round "?"]
[White "Matousek, Jan st."]
[Black "Straka, Zdenek"]
[Result "1/2-1/2"]
[WhiteElo "2285"]
[BlackElo "2295"]
[PlyCount "64"]
[EventDate "1999.??.??"]
[EventType "corr"]
[SourceDate "2009.11.04"]

1. d4 Nf6 2. c4 e6 3. Nf3 d5 4. Nc3 c6 5. Bg5 dxc4 6. e4 b5 7. e5 h6 8. Bh4 g5
9. Nxg5 hxg5 10. Bxg5 Nbd7 11. g3 Rg8 12. h4 Rxg5 13. hxg5 Nd5 14. g6 fxg6 15.
Qg4 Qe7 16. Bg2 g5 17. Rd1 Nxc3 18. bxc3 Bb7 19. Be4 O-O-O 20. Rh7 Bg7 21. Rh5
Nb6 22. Rxg5 Bf8 23. Rg6 Kb8 24. Rxe6 Bc8 25. Rxe7 Bxg4 26. Rh7 Bxd1 27. Kxd1
c5 28. d5 Nxd5 29. Kc2 Nc7 30. f4 b4 31. f5 Re8 32. e6 Nxe6 1/2-1/2

[Event "14MCR_F"]
[Site "?"]
[Date "1999.??.??"]
[Round "?"]
[White "Omelka, Roman"]
[Black "Jandovsky, Viktor"]
[Result "1-0"]
[WhiteElo "2255"]
[BlackElo "2315"]
[PlyCount "49"]
[EventDate "1999.??.??"]
[EventType "corr"]
[SourceDate "2009.11.04"]

1. e4 c5 2. Nf3 d6 3. d4 cxd4 4. Nxd4 Nf6 5. Nc3 Nc6 6. Bg5 e6 7. Qd2 a6 8.
O-O-O Nxd4 9. Qxd4 Be7 10. f4 b5 11. Bxf6 gxf6 12. e5 d5 13. Kb1 Rg8 14. g3 f5
15. Bg2 Bb7 16. Bf3 Rc8 17. Ne2 Rc4 18. Qd2 Qb6 19. h3 Bc5 20. Rhf1 Ke7 21. g4
fxg4 22. Bxg4 Be3 23. Qd3 Rh8 24. f5 h5 25. fxe6 1-0

[Event "14MCR_F"]
[Site "?"]
[Date "1999.??.??"]
[Round "?"]
[White "Pesr, Jaromir"]
[Black "Ptak, Pavel"]
[Result "1-0"]
[WhiteElo "2225"]
[BlackElo "2330"]
[PlyCount "79"]
[EventDate "1999.??.??"]
[EventType "corr"]
[SourceDate "2009.11.04"]

1. e4 g6 2. d4 Bg7 3. Nc3 c6 4. f4 d5 5. e5 h5 6. Be3 Nh6 7. Nf3 Bg4 8. h3 Bxf3
9. Qxf3 e6 10. Bd3 Na6 11. a3 Nc7 12. O-O-O Nf5 13. g4 Nxe3 14. Qxe3 Qe7 15.
Kb1 O-O-O 16. f5 gxf5 17. gxf5 exf5 18. Bxf5+ Kb8 19. Ne2 Ne6 20. h4 a6 21.
Rdg1 Bh6 22. Qf3 c5 23. c3 cxd4 24. cxd4 Qc7 25. Rd1 Qc4 26. Bc2 Rhg8 27. Bb3
Qb5 28. Ka2 Qb6 29. Qxf7 Rg2 30. Qxh5 Ka7 31. Qf3 Rdg8 32. Qxd5 Rxe2 33. Qxe6
Rgg2 34. Qxb6+ Kxb6 35. Rb1 Be3 36. Rhd1 Bd2 37. Bd5 Rh2 38. Kb3 Rh3+ 39. Kc4
Kc7 40. Rf1 1-0

[Event "14MCR_F"]
[Site "?"]
[Date "1999.??.??"]
[Round "?"]
[White "Vavrla, Zdenek"]
[Black "Cerny, Jan"]
[Result "1/2-1/2"]
[WhiteElo "2440"]
[BlackElo "2380"]
[PlyCount "102"]
[EventDate "1999.??.??"]
[EventType "corr"]
[SourceDate "2009.11.04"]

1. e4 c6 2. d4 d5 3. Nc3 dxe4 4. Nxe4 Nd7 5. Ng5 Ngf6 6. Bd3 e6 7. N1f3 Bd6 8.
Qe2 h6 9. Ne4 Nxe4 10. Qxe4 c5 11. Bd2 Qc7 12. Qg4 Kf8 13. Qh4 cxd4 14. Nxd4 a6
15. c3 Ne5 16. Be2 Bd7 17. Rd1 Nc6 18. Be3 e5 19. Nxc6 Bxc6 20. O-O Qe7 21. Qh3
Kg8 22. Rd2 Rd8 23. Rfd1 Kh7 24. Bd3+ e4 25. Bc4 Rhf8 26. Qh5 b5 27. Bb3 f5 28.
Bg5 Qxg5 29. Qxg5 hxg5 30. Rxd6 Rxd6 31. Rxd6 Rf6 32. Rd4 Kg6 33. h3 Kh6 34.
Kf1 f4 35. a4 e3 36. axb5 Bxb5+ 37. Bc4 Bxc4+ 38. Rxc4 exf2 39. Kxf2 Rb6 40. b4
Re6 41. Rd4 Re3 42. c4 Kh5 43. c5 Rc3 44. Rd7 Rc4 45. Rb7 g4 46. hxg4+ Kxg4 47.
Rxg7+ Kf5 48. Rb7 Rc2+ 49. Kg1 Ke5 50. Re7+ Kd5 51. Ra7 Rb2 1/2-1/2

[Event "14MCR_F"]
[Site "?"]
[Date "1999.??.??"]
[Round "?"]
[White "Hala, Martin"]
[Black "Merlicek, Jiri"]
[Result "1/2-1/2"]
[WhiteElo "2435"]
[BlackElo "2380"]
[PlyCount "100"]
[EventDate "1999.??.??"]
[EventType "corr"]
[SourceDate "2009.11.04"]

1. e4 e5 2. Nf3 Nc6 3. Bb5 a6 4. Ba4 Nf6 5. O-O Be7 6. Re1 b5 7. Bb3 d6 8. c3
O-O 9. h3 Na5 10. Bc2 c5 11. d4 Qc7 12. Nbd2 cxd4 13. cxd4 Nc6 14. Nb3 a5 15.
Be3 a4 16. Nbd2 Bd7 17. Rc1 Qb7 18. Qe2 Rfe8 19. a3 exd4 20. Nxd4 Ne5 21. f4
Ng6 22. Bd3 Rab8 23. g4 d5 24. e5 Ne4 25. Red1 Nc5 26. Bb1 b4 27. Nf5 Bb5 28.
Qf3 Ne6 29. Nxe7+ Rxe7 30. Bxg6 fxg6 31. f5 Rf8 32. Nf1 Bxf1 33. Rxf1 Ref7 34.
Bc5 Nxc5 35. Rxc5 bxa3 36. e6 Rf6 37. bxa3 gxf5 38. Qxd5 Qxd5 39. Rxd5 Rxe6 40.
Rd4 fxg4 41. Rxf8+ Kxf8 42. hxg4 Ra6 43. Kf2 Ke7 44. Ke3 h6 45. Kf4 Ra5 46. Rb4
Ke6 47. Rb6+ Kd5 48. Rb4 Ra6 49. Kf3 g6 50. Kf4 Rf6+ 1/2-1/2

[Event "14MCR_F"]
[Site "?"]
[Date "1999.??.??"]
[Round "?"]
[White "Hybl, Jaroslav"]
[Black "Urbanek, Stepan"]
[Result "1/2-1/2"]
[WhiteElo "2415"]
[BlackElo "2385"]
[PlyCount "47"]
[EventDate "1999.??.??"]
[EventType "corr"]
[SourceDate "2009.11.04"]

1. d4 Nf6 2. c4 e6 3. Nc3 Bb4 4. Qc2 O-O 5. a3 Bxc3+ 6. Qxc3 b6 7. Bg5 Bb7 8.
f3 d6 9. Nh3 Nbd7 10. e4 c5 11. Be2 h6 12. Be3 cxd4 13. Qxd4 d5 14. e5 Ne8 15.
Nf4 Nc7 16. O-O Rc8 17. Rac1 Qe7 18. b4 Rfd8 19. Qb2 dxc4 20. Rxc4 Nd5 21. Rxc8
Rxc8 22. Nxd5 Bxd5 23. Rd1 Nf8 24. Rc1 1/2-1/2

[Event "14MCR_F"]
[Site "?"]
[Date "1999.??.??"]
[Round "?"]
[White "Merlicek, Jiri"]
[Black "Hybl, Jaroslav"]
[Result "1/2-1/2"]
[WhiteElo "2380"]
[BlackElo "2415"]
[PlyCount "47"]
[EventDate "1999.??.??"]
[EventType "corr"]
[SourceDate "2009.11.04"]

1. d4 Nf6 2. c4 g6 3. Nc3 d5 4. cxd5 Nxd5 5. e4 Nxc3 6. bxc3 Bg7 7. Be3 c5 8.
Qd2 Qa5 9. Rb1 b6 10. Bb5+ Bd7 11. Be2 Bc6 12. Bd3 Nd7 13. Ne2 Rd8 14. f3 O-O
15. Nc1 Ne5 16. dxe5 c4 17. Bd4 cxd3 18. Nxd3 Bb5 19. O-O Bxd3 20. Qxd3 Bxe5
21. Qc4 Rc8 22. Qb4 Qxb4 23. Rxb4 Bxd4+ 24. cxd4 1/2-1/2

[Event "14MCR_F"]
[Site "?"]
[Date "1999.??.??"]
[Round "?"]
[White "Cerny, Jan"]
[Black "Hala, Martin"]
[Result "1-0"]
[WhiteElo "2380"]
[BlackElo "2435"]
[PlyCount "81"]
[EventDate "1999.??.??"]
[EventType "corr"]
[SourceDate "2009.11.04"]

1. d4 Nf6 2. Nf3 g6 3. c4 Bg7 4. Nc3 O-O 5. e4 d6 6. Be2 e5 7. O-O Nc6 8. d5
Ne7 9. b4 Nh5 10. Re1 f5 11. Ng5 Nf4 12. Bxf4 exf4 13. Rc1 Bf6 14. Ne6 Bxe6 15.
dxe6 Bxc3 16. Rxc3 fxe4 17. Bf1 e3 18. fxe3 fxe3 19. Rcxe3 a5 20. b5 c6 21. Rb3
Qc7 22. a4 Rf6 23. b6 Qd8 24. g3 d5 25. Qd4 Qf8 26. cxd5 Nxd5 27. Bc4 Qe7 28.
Bxd5 Rd8 29. Re5 cxd5 30. Rbe3 Rd6 31. Re1 Rc6 32. h4 Kg7 33. h5 h6 34. hxg6
Kxg6 35. R1e2 Rc1+ 36. Kg2 Rc6 37. Qxd5 Rxb6 38. R5e4 Rc6 39. Rg4+ Kh7 40. Qd7
Rc7 41. Qd3+ 1-0

[Event "14MCR_F"]
[Site "?"]
[Date "1999.??.??"]
[Round "?"]
[White "Ramik, Jiri"]
[Black "Vavrla, Zdenek"]
[Result "1/2-1/2"]
[WhiteElo "2345"]
[BlackElo "2440"]
[PlyCount "70"]
[EventDate "1999.??.??"]
[EventType "corr"]
[SourceDate "2009.11.04"]

1. d4 d5 2. c4 e6 3. Nf3 c6 4. e3 Nf6 5. Nc3 Nbd7 6. Qc2 Bd6 7. Be2 O-O 8. O-O
dxc4 9. Bxc4 e5 10. Bb3 Qc7 11. h3 exd4 12. exd4 Nb6 13. Re1 Bd7 14. Bg5 Nfd5
15. Nxd5 Nxd5 16. Bxd5 cxd5 17. Qxc7 Bxc7 18. Rac1 Rac8 19. Rc5 Bc6 20. Rcc1 f6
21. Bd2 Kf7 22. Bb4 Rfe8 23. Bc5 a5 24. g3 Rxe1+ 25. Rxe1 Re8 26. Rxe8 Bxe8 27.
Kg2 h5 28. Nd2 g5 29. Nb1 b6 30. Ba3 Ke6 31. Nd2 Bg6 32. b3 b5 33. Bc5 b4 34.
Ba7 Bc2 35. Kf3 Bf5 1/2-1/2

[Event "14MCR_F"]
[Site "?"]
[Date "1999.??.??"]
[Round "?"]
[White "Ptak, Pavel"]
[Black "Jurik, Zdenek"]
[Result "1-0"]
[WhiteElo "2330"]
[BlackElo "2200"]
[PlyCount "49"]
[EventDate "1999.??.??"]
[EventType "corr"]
[SourceDate "2009.11.04"]

1. g3 Nf6 2. Bg2 d5 3. Nf3 c6 4. O-O Bf5 5. d3 Nbd7 6. b3 e5 7. Bb2 Qc7 8. c4
d4 9. a3 Be7 10. Nbd2 O-O 11. Nh4 Be6 12. Qc2 Ne8 13. e3 Bxh4 14. gxh4 dxe3 15.
fxe3 Nef6 16. Nf3 Ng4 17. Rae1 e4 18. dxe4 c5 19. e5 Ngxe5 20. Ng5 g6 21. Rf4
Rae8 22. Ref1 h6 23. Nxe6 Rxe6 24. Bd5 Re7 25. h5 1-0

[Event "14MCR_F"]
[Site "?"]
[Date "1999.??.??"]
[Round "?"]
[White "Jandovsky, Viktor"]
[Black "Pesr, Jaromir"]
[Result "1-0"]
[WhiteElo "2315"]
[BlackElo "2225"]
[PlyCount "57"]
[EventDate "1999.??.??"]
[EventType "corr"]
[SourceDate "2009.11.04"]

1. e4 c5 2. Nf3 d6 3. d4 cxd4 4. Nxd4 Nf6 5. Nc3 a6 6. Bg5 e6 7. f4 Qb6 8. Qd2
Qxb2 9. Nb3 Qa3 10. Bxf6 gxf6 11. Be2 Nc6 12. O-O Bd7 13. Kh1 Rc8 14. Rf3 Na5
15. Rb1 Bc6 16. f5 Nxb3 17. Rxb3 Qc5 18. fxe6 fxe6 19. Nd5 Be7 20. Rfc3 Qa5 21.
Bg4 Qxa2 22. Bh5+ Kd7 23. Nxe7 Kxe7 24. Rxc6 Rxc6 25. Rxb7+ Kd8 26. Rb8+ Kc7
27. Rxh8 Rxc2 28. Rxh7+ Kc6 29. Be8+ 1-0

[Event "14MCR_F"]
[Site "?"]
[Date "1999.??.??"]
[Round "?"]
[White "Straka, Zdenek"]
[Black "Omelka, Roman"]
[Result "1/2-1/2"]
[WhiteElo "2295"]
[BlackElo "2255"]
[PlyCount "55"]
[EventDate "1999.??.??"]
[EventType "corr"]
[SourceDate "2009.11.04"]

1. d4 Nf6 2. c4 g6 3. Nc3 Bg7 4. e4 d6 5. Nf3 O-O 6. h3 e5 7. d5 a5 8. Bg5 h6
9. Be3 Na6 10. g4 Nc5 11. Nd2 c6 12. Be2 Bd7 13. h4 Ne8 14. Nb3 Nxb3 15. Qxb3
c5 16. Qc2 a4 17. a3 Qc8 18. f3 Kh7 19. O-O-O Qb8 20. Nb5 Qd8 21. Kb1 Qe7 22.
Bd3 b6 23. Qd2 Bc8 24. Bc2 Nc7 25. Nxc7 Qxc7 26. Rdg1 b5 27. cxb5 Qb6 28. Bd3
1/2-1/2

[Event "14MCR_F"]
[Site "?"]
[Date "1999.??.??"]
[Round "?"]
[White "Matousek, Jan ml."]
[Black "Matousek, Jan st."]
[Result "1-0"]
[WhiteElo "2290"]
[BlackElo "2285"]
[PlyCount "119"]
[EventDate "1999.??.??"]
[EventType "corr"]
[SourceDate "2009.11.04"]

1. d4 Nf6 2. c4 g6 3. Nc3 Bg7 4. e4 d6 5. Nf3 O-O 6. Be2 e5 7. O-O Nc6 8. d5
Ne7 9. Nd2 a5 10. a3 Nd7 11. Rb1 f5 12. b4 Kh8 13. f3 Ng8 14. Qc2 Ngf6 15. Bd3
f4 16. Nb5 b6 17. Bb2 Ne8 18. Be2 h5 19. c5 bxc5 20. bxc5 Nxc5 21. a4 Rf7 22.
Rfc1 g5 23. Ba3 Bf8 24. Bxc5 dxc5 25. Nb3 g4 26. Nxc5 Rg7 27. Ne6 Bxe6 28. dxe6
Nd6 29. Rd1 Qc8 30. Qc3 Qxe6 31. Nxc7 Qc8 32. Rbc1 Ra7 33. Nb5 Qxc3 34. Nxc3
Rac7 35. Rd5 gxf3 36. Bxf3 Rc4 37. Be2 f3 38. Bxc4 Rxg2+ 39. Kh1 Nxc4 40. Rf1
Rc2 41. Rxf3 Bd6 42. Nb5 Bb4 43. h4 Nd2 44. Rf7 Kg8 45. Rc7 Rxc7 46. Nxc7 Nxe4
47. Rxe5 Nc3 48. Nd5 Nxa4 49. Nxb4 axb4 50. Re4 Nc3 51. Rxb4 Kf7 52. Kg2 Kf6
53. Rf4+ Ke6 54. Kf3 Nd5 55. Rf8 Ke5 56. Rg8 Nf6 57. Rg5+ Ke6 58. Ra5 Nd5 59.
Ke4 Nf6+ 60. Kf4 1-0

[Event "14MCR_F"]
[Site "?"]
[Date "1999.??.??"]
[Round "?"]
[White "Omelka, Roman"]
[Black "Matousek, Jan ml."]
[Result "1/2-1/2"]
[WhiteElo "2255"]
[BlackElo "2290"]
[PlyCount "92"]
[EventDate "1999.??.??"]
[EventType "corr"]
[SourceDate "2009.11.04"]

1. e4 c5 2. Nf3 d6 3. d4 cxd4 4. Nxd4 Nf6 5. Nc3 Nc6 6. Bg5 e6 7. Qd2 Be7 8.
O-O-O O-O 9. f4 Nxd4 10. Qxd4 Qa5 11. Kb1 Rd8 12. Qd2 Qc7 13. Bd3 h6 14. h4 Kf8
15. Nb5 Qc5 16. Bxf6 Bxf6 17. Be2 Be7 18. g4 a6 19. Nd4 e5 20. Nb3 Qc6 21. Bf3
a5 22. g5 h5 23. Nc1 Be6 24. f5 Bc4 25. Ne2 Rdc8 26. Rh2 a4 27. a3 b5 28. Ng3
g6 29. Rf2 b4 30. axb4 Kg8 31. Bxh5 gxh5 32. g6 a3 33. b3 fxg6 34. fxg6 Be6 35.
c4 Rf8 36. Rxf8+ Bxf8 37. b5 Qe8 38. Qg5 Qd8 39. Qxh5 a2+ 40. Ka1 Ra7 41. Rf1
Qb6 42. Ne2 Qe3 43. Qf3 Qxf3 44. Rxf3 Bg4 45. Rf2 Be7 46. Rh2 Bxh4 1/2-1/2

[Event "14MCR_F"]
[Site "?"]
[Date "1999.??.??"]
[Round "?"]
[White "Pesr, Jaromir"]
[Black "Straka, Zdenek"]
[Result "1/2-1/2"]
[WhiteElo "2225"]
[BlackElo "2295"]
[PlyCount "79"]
[EventDate "1999.??.??"]
[EventType "corr"]
[SourceDate "2009.11.04"]

1. e4 e5 2. Nf3 Nc6 3. Bb5 a6 4. Bxc6 dxc6 5. O-O Bg4 6. h3 h5 7. d3 Qf6 8.
Nbd2 Ne7 9. Re1 Ng6 10. d4 Nf4 11. dxe5 Qg6 12. Nh4 Bxd1 13. Nxg6 Nxg6 14. Rxd1
O-O-O 15. Rf1 Nxe5 16. f4 Nd7 17. Kf2 Nb6 18. Nb3 Rh6 19. a4 Re6 20. a5 Nd7 21.
Kf3 Nc5 22. Nxc5 Bxc5 23. Be3 Bxe3 24. Kxe3 Red6 25. Rf2 c5 26. Ra4 Rd1 27. g4
Rh1 28. Rf3 Re1+ 29. Kf2 Rc1 30. Rc4 hxg4 31. hxg4 Rd2+ 32. Ke3 Rdxc2 33. Rxc2
Rxc2 34. Rh3 Rxb2 35. Rh7 Rb3+ 36. Ke2 g5 37. f5 Rb4 38. Ke3 f6 39. Rf7 Rb3+
40. Kf2 1/2-1/2

[Event "14MCR_F"]
[Site "?"]
[Date "1999.??.??"]
[Round "?"]
[White "Jurik, Zdenek"]
[Black "Jandovsky, Viktor"]
[Result "0-1"]
[WhiteElo "2200"]
[BlackElo "2315"]
[PlyCount "54"]
[EventDate "1999.??.??"]
[EventType "corr"]
[SourceDate "2009.11.04"]

1. d4 Nf6 2. c4 g6 3. Nc3 Bg7 4. e4 d6 5. Be2 O-O 6. Nf3 e5 7. O-O Nc6 8. d5
Ne7 9. b4 Nh5 10. Re1 f5 11. Ng5 Nf6 12. f3 c6 13. Be3 Bh6 14. Bd2 f4 15. Nh3
cxd5 16. cxd5 Bxh3 17. gxh3 Bg5 18. Qb3 Bh4 19. Rec1 Qb6+ 20. Kh1 Rac8 21. a4
g5 22. Ra2 Bf2 23. Rac2 Qd8 24. Nb5 Rxc2 25. Rxc2 Ne8 26. Bf1 Ng6 27. Bc1 Bb6
0-1

[Event "14MCR_F"]
[Site "?"]
[Date "1999.??.??"]
[Round "?"]
[White "Hala, Martin"]
[Black "Ramik, Jiri"]
[Result "1/2-1/2"]
[WhiteElo "2435"]
[BlackElo "2345"]
[PlyCount "107"]
[EventDate "1999.??.??"]
[EventType "corr"]
[SourceDate "2009.11.04"]

1. e4 e5 2. Nf3 Nc6 3. Bb5 a6 4. Ba4 Nf6 5. O-O Be7 6. Re1 b5 7. Bb3 O-O 8. c3
d5 9. exd5 Nxd5 10. Nxe5 Nxe5 11. Rxe5 c6 12. Re1 Bd6 13. d3 Qh4 14. g3 Qh3 15.
Re4 Qf5 16. Nd2 Qg6 17. Re1 f5 18. c4 f4 19. Ne4 fxg3 20. fxg3 Bg4 21. Qc2 bxc4
22. dxc4 Rae8 23. cxd5 Bf3 24. dxc6+ Kh8 25. Bd5 Bxg3 26. hxg3 Rxe4 27. Bf4
Rxe1+ 28. Rxe1 Qxc2 29. Bxf3 Qxb2 30. c7 Qf6 31. Kg2 Qb2+ 32. Re2 Qf6 33. Rc2
Qf5 34. Rd2 Qc8 35. Bc6 h6 36. Bd7 Qa8+ 37. Kh2 Kh7 38. Bh3 a5 39. a3 a4 40.
Rc2 Qe4 41. c8=Q Rxc8 42. Rxc8 Qe2+ 43. Bg2 g5 44. Rc7+ Kg6 45. Rc6+ Kf7 46.
Bd6 Qh5+ 47. Kg1 Qd1+ 48. Bf1 h5 49. Bb4 h4 50. Rd6 Qg4 51. Rd3 Kg6 52. Kf2 h3
53. Kg1 Kg7 54. Kh2 1/2-1/2

[Event "14MCR_F"]
[Site "?"]
[Date "1999.??.??"]
[Round "?"]
[White "Hybl, Jaroslav"]
[Black "Cerny, Jan"]
[Result "1/2-1/2"]
[WhiteElo "2415"]
[BlackElo "2380"]
[PlyCount "29"]
[EventDate "1999.??.??"]
[EventType "corr"]
[SourceDate "2009.11.04"]

1. d4 d5 2. c4 dxc4 3. Nf3 Nf6 4. e3 e6 5. Bxc4 c5 6. O-O a6 7. Qe2 b5 8. Bb3
Bb7 9. Rd1 Nbd7 10. Nc3 Qb6 11. d5 exd5 12. Nxd5 Nxd5 13. Bxd5 Bxd5 14. Rxd5
Be7 15. e4 1/2-1/2

[Event "14MCR_F"]
[Site "?"]
[Date "1999.??.??"]
[Round "?"]
[White "Urbanek, Stepan"]
[Black "Merlicek, Jiri"]
[Result "1/2-1/2"]
[WhiteElo "2385"]
[BlackElo "2380"]
[PlyCount "47"]
[EventDate "1999.??.??"]
[EventType "corr"]
[SourceDate "2009.11.04"]

1. d4 Nf6 2. c4 e6 3. Nc3 Bb4 4. e3 c5 5. a3 Bxc3+ 6. bxc3 Nc6 7. Bd3 O-O 8.
Nf3 d6 9. e4 e5 10. d5 Ne7 11. O-O Ng6 12. Qc2 Nh5 13. g3 Bh3 14. Re1 Qd7 15.
Ng5 Nhf4 16. Nxh3 Nxd3 17. Qxd3 Qxh3 18. Qf1 Qxf1+ 19. Rxf1 f5 20. f3 fxe4 21.
fxe4 Rxf1+ 22. Kxf1 Rf8+ 23. Ke2 h6 24. Be3 1/2-1/2

[Event "14MCR_F"]
[Site "?"]
[Date "1999.??.??"]
[Round "?"]
[White "Ramik, Jiri"]
[Black "Hybl, Jaroslav"]
[Result "1/2-1/2"]
[WhiteElo "2345"]
[BlackElo "2415"]
[PlyCount "23"]
[EventDate "1999.??.??"]
[EventType "corr"]
[SourceDate "2009.11.04"]

1. d4 Nf6 2. c4 g6 3. Nc3 d5 4. cxd5 Nxd5 5. e4 Nxc3 6. bxc3 Bg7 7. Nf3 c5 8.
Rb1 O-O 9. Be2 cxd4 10. cxd4 Qa5+ 11. Bd2 Qxa2 12. O-O 1/2-1/2

[Event "14MCR_F"]
[Site "?"]
[Date "1999.??.??"]
[Round "?"]
[White "Ptak, Pavel"]
[Black "Vavrla, Zdenek"]
[Result "1/2-1/2"]
[WhiteElo "2330"]
[BlackElo "2440"]
[PlyCount "64"]
[EventDate "1999.??.??"]
[EventType "corr"]
[SourceDate "2009.11.04"]

1. g3 e5 2. Bg2 d5 3. c3 Nf6 4. d4 e4 5. Nh3 Be7 6. f3 O-O 7. Nf2 exf3 8. exf3
Nc6 9. O-O Re8 10. Re1 Bf5 11. Nd2 Bd6 12. Rxe8+ Qxe8 13. Nf1 h6 14. Ne3 Ne7
15. Nxf5 Nxf5 16. Bh3 Ne7 17. Nd3 Ng6 18. Bd2 Qc6 19. Qc2 Re8 20. Re1 Rxe1+ 21.
Bxe1 b5 22. Qe2 a5 23. Bf1 Qb6 24. Bf2 c6 25. Nc5 Qc7 26. Kg2 a4 27. Qe3 Nf8
28. Bd3 Qc8 29. g4 h5 30. g5 N6h7 31. h4 Bxc5 32. dxc5 Ng6 1/2-1/2